| 000 -LEADER |
| fixed length control field |
00598cam a22002291 4500 |
| 001 - CONTROL NUMBER |
| control field |
6572342 |
| 005 - DATE AND TIME OF LATEST TRANSACTION |
| control field |
20180209041501.0 |
| 008 - FIXED-LENGTH DATA ELEMENTS--GENERAL INFORMATION |
| fixed length control field |
720607s1963 xx 000 0 eng |
| 010 ## - LIBRARY OF CONGRESS CONTROL NUMBER |
| LC control number |
63011095 |
| 035 ## - SYSTEM CONTROL NUMBER |
| System control number |
(OCoLC)326613 |
| 040 ## - CATALOGING SOURCE |
| Original cataloging agency |
DLC |
| Transcribing agency |
GACCLC |
| Modifying agency |
ODaWU |
| -- |
NcRS |
| -- |
DLC |
| 041 ## - LANGUAGE CODE |
| Language code of text/sound track or separate title |
eng |
| 042 ## - AUTHENTICATION CODE |
| Authentication code |
premarc |
| 080 ## - UNIVERSAL DECIMAL CLASSIFICATION NUMBER |
| Universal Decimal Classification number |
342 |
| 082 ## - DEWEY DECIMAL CLASSIFICATION NUMBER |
| Classification number |
342 WAR |
| 100 1# - Rafti |
| Rafti |
19 |
| 101 ## - Shkurtesa |
| Shkurtesa |
SHP |
| 245 10 - TITLE STATEMENT |
| Title |
Modern political systems. |
| Statement of responsibility, etc |
Roy C. Macridis and Robert E. Ward, editors. |
| 504 ## - BIBLIOGRAPHY, ETC. NOTE |
| Bibliography, etc |
Includes bibliography. |
| 906 ## - LOCAL DATA ELEMENT F, LDF (RLIN) |
| a |
7 |
| b |
cbc |
| c |
oclcrpl |
| d |
u |
| e |
ncip |
| f |
19 |
| g |
y-gencatlg |
| 942 ## - ADDED ENTRY ELEMENTS (KOHA) |
| Source of classification or shelving scheme |
|
| Item type |
Books |